The grammar handbook

Enregistré dans:
Détails bibliographiques
Auteur principal: Irwin Feigenbaum
Format: Livre
Langue:Undetermined
Publié: Oxford Oxford Univ. Press 1985
Sujets:
Tags: Ajouter un tag
Pas de tags, Soyez le premier à ajouter un tag!
Thư viện lưu trữ: Trung tâm Học liệu Trường Đại học Cần Thơ
LEADER 00537nam a2200169Ia 4500
001 CTU_28785
008 210402s9999 xx 000 0 und d
082 |a 428.24425 
082 |b F297 
100 |a Irwin Feigenbaum 
245 4 |a The grammar handbook 
245 0 |c Irwin Feigenbaum 
260 |a Oxford 
260 |b Oxford Univ. Press 
260 |c 1985 
650 |a english language - grammar - 1950-handbooks, manuals, etc,english language - textbooks for foreign speakers 
980 |a Trung tâm Học liệu Trường Đại học Cần Thơ